Online Catalogue and eLibrary

Kandari (Record no. 4043)

MARC details
000 -LEADER
fixed length control field 00342nam a2200145Ia 4500
005 - DATE AND TIME OF LATEST TRANSACTION
control field 20250325041244.0
008 - FIXED-LENGTH DATA ELEMENTS--GENERAL INFORMATION
fixed length control field 240331s9999 xx 000 0 und d
082 ## - DDC Classification
Item Number - Author Mark MAN
Class No. 894
100 ## - MAIN ENTRY--PERSONAL NAME
Personal name Manisekaran,S
245 #0 - TITLE STATEMENT
Title Kandari
260 ## - PUBLICATION, DISTRIBUTION, ETC.
Place of publication, distribution, etc. Chennai
Name of publisher, distributor, etc. Kangai Book shop
Date of publication, distribution, etc. 1997
300 ## - PHYSICAL DESCRIPTION
Extent (e.g. Volumes, Pages etc.) 215 p .,
500 ## - GENERAL NOTE
General note Sarithira Sirukadhai
942 ## - Koha item type (Biblio)
Koha item type Books in Stacks (Lending)
Holdings
Lost status Damaged status Collection code Home library Current library Shelving location Date acquired Full call number Accession Number Item type
    Lending WERC Library WERC Library Social Science Cupboard 03/31/2024 894.811 MAN 2603 Books in Stacks (Lending)

© WERC Library